书目信息 |
| 题名: |
政治经济学
|
|
| 作者: | ;福建师大马列主义教研室 编 | |
| 分册: | ||
| 出版信息: | 福州 福建人民出版社 1985 |
|
| 页数: | 568页 | |
| 开本: | 19cm | |
| 丛书名: | ||
| 单 册: | ||
| 中图分类: | F01 , F0-0 | |
| 科图分类: | ||
| 主题词: | 马克思主义政治经济学 | |
| 电子资源: | ||
| ISBN: | ||
| 000 | 00662nam0 2200229 450 | |
| 001 | 1570268794 | |
| 005 | 20150123143304.28 | |
| 010 | @dCNY2.65 | |
| 091 | @a7159.996 | |
| 100 | @a20130329d1985 em y0chiy0110 ea | |
| 101 | 0 | @achi |
| 102 | @aCN@b350000 | |
| 105 | @ay z 000yy | |
| 200 | 1 | @a政治经济学@9zheng zhi jing ji xue@f福建师大马列主义教研室《政治经济学》编写组编 |
| 210 | @a福州@c福建人民出版社@d1985 | |
| 215 | @a568页@d19cm | |
| 606 | 0 | @a马克思主义政治经济学 |
| 690 | @aF01@v5 | |
| 690 | @aF0-0@v4 | |
| 711 | 02 | @a福建师大马列主义教研室@9fu jian shi da ma lie zhu yi jiao yan shi@4编 |
| 801 | 0 | @aCN@bTSSF@c20150123 |
| 905 | @aZUCC@dF0-0@eJY2 | |
| 政治经济学/福建师大马列主义教研室《政治经济学》编写组编.-福州:福建人民出版社,1985 |
| 568页;19cm |
| ISBN :CNY2.65 |
| ● |
| 相关链接 |
|
|
|
|
正题名:政治经济学
索取号:F0-0/JY2
 
预约/预借
| 序号 | 登录号 | 条形码 | 馆藏地/架位号 | 状态 | 备注 |
| 1 | 7840740 | 278407403 | 学院路分馆/ [索取号:F0-0/JY2] | 在馆 | |
| 2 | 7840741 | 278407412 | 学院路分馆/ [索取号:F0-0/JY2] | 在馆 |